Nehruvian Economic Philosophy and Its contemporary relevance/ (Record no. 192667)

MARC details
000 -LEADER
fixed length control field 00667nam a22001937a 4500
005 - DATE AND TIME OF LATEST TRANSACTION
control field 20221101120618.0
010 ## - LCCN (DPL NO)
LC control number ENG-135251
020 ## - INTERNATIONAL STANDARD BOOK NUMBER
International Standard Book Number 9788185835705
Terms of availability 495.00
035 ## - SYSTEM CONTROL NUMBER
System control number EN-118783
037 ## - SOURCE OF ACQUISITION
Source of stock number/acquisition DBAD/PUB
082 ## - DEWEY DECIMAL CLASSIFICATION NUMBER
Classification number 330.954
245 ## - TITLE STATEMENT
Title Nehruvian Economic Philosophy and Its contemporary relevance/
Statement of responsibility, etc Edited by Ranjit Singh Ghuman [and] Indervir Singh
260 ## - PUBLICATION, DISTRIBUTION, ETC. (IMPRINT)
Place of publication, distribution, etc Chandigarh
Name of publisher, distributor, etc Centre for Research in Rural and Industrial Development
Date of publication, distribution, etc 2014
270 ## - ADDRESS
City Chandigarh
Address Sector 19-A, Madhya Marg
Postal code 160019
300 ## - PHYSICAL DESCRIPTION
Extent 295p.
Dimensions 24cm(hb)
700 ## - ADDED ENTRY--PERSONAL NAME
Personal name Ghuman, Ranjit Singh
700 ## - ADDED ENTRY--PERSONAL NAME
Personal name Singh, Indervir
942 ## - ADDED ENTRY ELEMENTS (KOHA)
Source of classification or shelving scheme Dewey Decimal Classification
Item type English Books
Call number suffix NEH
Classification part 330.954
Holdings
Withdrawn status Lost status Not for loan Collection code Home library Current library Date acquired Source of acquisition Cost, normal purchase price Full call number Barcode Copy number Cost, replacement price Koha item type
      Non-fiction Bawana Bawana 29/09/2022 DBAD/PUB 495.00 330.954 NEH EN-118783 1 495.00 English Books

© Delhi Public Library
Hit Counter
free hit counter